Electricidad y magnetismo: preguntas y respuestas

Αποθηκεύτηκε σε:
Λεπτομέρειες βιβλιογραφικής εγγραφής
Κύριος συγγραφέας: Riveros Rotgé, Héctor G (Συγγραφέας)
Μορφή: Βιβλίο
Γλώσσα:Ισπανικά
Έκδοση: Ciudad de México Trillas 1998
Έκδοση:1a. ed
Θέματα:
Ετικέτες: Προσθήκη ετικέτας
Δεν υπάρχουν, Καταχωρήστε ετικέτα πρώτοι!

MARC

LEADER 00000nam a2200000 a 4500
001 UCK7863
003 CL-VaPUC
008 051230e19980000MX |||||||||||||||||spa|d
020 |a 9682434491 
082 0 4 |a 537  |b RIV  |2 21 
100 0 |a Riveros Rotgé, Héctor G  |e author  |9 497535 
245 1 0 |a Electricidad y magnetismo: preguntas y respuestas 
250 |a 1a. ed 
300 |a 377 p 
942 |c BK 
945 |d 20051230 00:00:00  |a cmena 
260 |a Ciudad de México  |b Trillas  |c 1998 
650 0 |a Electricidad  |9 260222 
650 0 |a Magnetismo  |9 260336 
650 0 |a Electromagnetismo   |9 260123 
650 7 |a CAMPOS ELECTRICOS  |2 CL-VaPUC  |9 497536 
650 7 |a LEY DE GAUSS  |2 CL-VaPUC  |9 354941 
650 7 |a POTENCIA ELECTRICA  |2 CL-VaPUC  |9 345463 
650 0 |a Circuitos eléctricos   |9 260262 
583 |a last modification  |c 20051230 00:00:00  |k Rodrigo Vera 
999 |c 315701  |d 315699 
952 |0 0  |1 0  |4 0  |6 537_000000000000000_RIV_1998  |7 0  |8 A  |9 389311  |a BIBCUR  |b BIBCUR  |d 2019-11-22  |i 4194101  |l 6  |m 1  |o 537 RIV 1998  |p 4194101  |r 2025-04-22  |s 2023-09-11  |w 2019-11-22  |y BK  |k FIS